<?xml version="1.0" encoding="UTF-8"?>
<record
    xmlns:xsi="http://www.w3.org/2001/XMLSchema-instance"
    xsi:schemaLocation="http://www.loc.gov/MARC21/slim http://www.loc.gov/standards/marcxml/schema/MARC21slim.xsd"
    xmlns="http://www.loc.gov/MARC21/slim">

  <leader>01156nam a22002657a 4500</leader>
  <controlfield tag="001">BRCA_9219</controlfield>
  <controlfield tag="003">FranzMayer</controlfield>
  <controlfield tag="005">20220809140127.0</controlfield>
  <controlfield tag="008">220725b        |||||||| |||| 00| 0 eng d</controlfield>
  <datafield tag="040" ind1=" " ind2=" ">
    <subfield code="b">spa</subfield>
    <subfield code="c">MFM</subfield>
  </datafield>
  <datafield tag="041" ind1="1" ind2=" ">
    <subfield code="a">spa</subfield>
  </datafield>
  <datafield tag="050" ind1=" " ind2=" ">
    <subfield code="a">NK8839.A3C5</subfield>
    <subfield code="b">S73 2020</subfield>
  </datafield>
  <datafield tag="100" ind1=" " ind2=" ">
    <subfield code="a">Stanfield-Mazzi, Maya Selama,&#x200F; &#x200E;</subfield>
    <subfield code="d">1972-</subfield>
    <subfield code="9">28499</subfield>
  </datafield>
  <datafield tag="245" ind1="1" ind2="4">
    <subfield code="a">Los pa&#xF1;os de la Pasi&#xF3;n de Chachapoyas / </subfield>
    <subfield code="c">Maya Stanfield-Mazzi</subfield>
  </datafield>
  <datafield tag="260" ind1=" " ind2=" ">
    <subfield code="a">Lima, Per&#xFA; : </subfield>
    <subfield code="b">Universidad Nacional Toribio Rodr&#xED;guez de Mendoza de Amazonas, </subfield>
    <subfield code="c">2020</subfield>
  </datafield>
  <datafield tag="300" ind1=" " ind2=" ">
    <subfield code="a">112 p. : </subfield>
    <subfield code="b">il., fot. col. ; </subfield>
    <subfield code="c">29.5 x 20.5 cm.</subfield>
  </datafield>
  <datafield tag="500" ind1=" " ind2=" ">
    <subfield code="a">Ubicaci&#xF3;n: L59-N5</subfield>
  </datafield>
  <datafield tag="520" ind1=" " ind2=" ">
    <subfield code="a">Este libro es parte de un extenso estudio de textiles lit&#xFA;rgicos de Am&#xE9;rica Hispana. Uno de los aspectos m&#xE1;s relevantes de este proyecto ha sido la oportunidad de aprender sobre la provincia de Chachapoyas, su variada y rica cultura y sus textiles &#xFA;nicos.</subfield>
  </datafield>
  <datafield tag="650" ind1=" " ind2=" ">
    <subfield code="a">Textiles</subfield>
    <subfield code="x">Historia</subfield>
    <subfield code="z">Chachapoyas (Peru)</subfield>
    <subfield code="9">28502</subfield>
  </datafield>
  <datafield tag="651" ind1=" " ind2=" ">
    <subfield code="a">Chachapoyas (Peru)</subfield>
    <subfield code="x">Pintura de telas</subfield>
    <subfield code="x">Historia</subfield>
    <subfield code="9">28503</subfield>
  </datafield>
  <datafield tag="700" ind1=" " ind2=" ">
    <subfield code="a">Abel Chichipe</subfield>
    <subfield code="9">28500</subfield>
    <subfield code="e">trad.</subfield>
  </datafield>
  <datafield tag="700" ind1=" " ind2=" ">
    <subfield code="a">Juan Jul&#xF3;n</subfield>
    <subfield code="9">28501</subfield>
    <subfield code="e">trad.</subfield>
  </datafield>
  <datafield tag="942" ind1=" " ind2=" ">
    <subfield code="2">lcc</subfield>
    <subfield code="c">B</subfield>
  </datafield>
  <datafield tag="999" ind1=" " ind2=" ">
    <subfield code="c">10838</subfield>
    <subfield code="d">10838</subfield>
  </datafield>
  <datafield tag="952" ind1=" " ind2=" ">
    <subfield code="0">0</subfield>
    <subfield code="1">0</subfield>
    <subfield code="2">lcc</subfield>
    <subfield code="4">0</subfield>
    <subfield code="7">0</subfield>
    <subfield code="a">BRCA</subfield>
    <subfield code="b">BRCA</subfield>
    <subfield code="d">2022-07-26</subfield>
    <subfield code="l">0</subfield>
    <subfield code="o">NK8839.A3C5 S73 2020</subfield>
    <subfield code="p">CONT10004</subfield>
    <subfield code="r">2022-07-26 00:00:00</subfield>
    <subfield code="w">2022-07-26</subfield>
    <subfield code="y">B</subfield>
  </datafield>
</record>
